| 000 | 00729nam a22002057a 4500 | ||
|---|---|---|---|
| 003 | SISC | ||
| 005 | 20180725073404.0 | ||
| 008 | 180725b xxu||||| |||| 00| 0 eng d | ||
| 020 | _a9789719807988 | ||
| 050 |
_aQA 276 _b.C436 2017 |
||
| 100 | _aChan Shio, Christian Paul O. | ||
| 245 |
_aStatistics & probability for senior high school / _cChristian Paul O. Chan Shio, Maria Angeli T. Reyes |
||
| 260 |
_aQuezon City : _bC & E Publishing, _cc2017. |
||
| 300 |
_aix, 327 pages : _billustrations ; _c27 cm. |
||
| 500 | _aIncludes index and bibliographical references. | ||
| 650 |
_2Library of Congress Subject Headings _aProbability and statistics |
||
| 700 | _aReyes, Maria Angeli T. | ||
| 942 |
_2lcc _cBK |
||
| 999 |
_c358175 _d358175 |
||